000 nam a22 7a 4500
999 _c44183
_d44183
003 OSt
005 20180514162633.0
008 180514b xxu||||| |||| 00| 0 eng d
040 _cserosoft
100 _apooja jain
245 _aA TEXTBOOK OF COMPUTERS IN NURSING
260 _aPV BOOKS
_bPV BOOKS
_c30/03/17
300 _a406
942 _2ddc
_c03